La legislación de compras y contrataciones del estado y su rol en el desarrollo tecnológico: documento preliminar

Análisis de la legislación de compras y contrataciones del Estado, y propuesta para una nueva legislación en Guatemala. Revisa los gastos de tecnología del Estado en los sectores centralizado y descentralizado, y propone una nueva legislación que contemple la orientación de las compras estatales vin...

ver descrição completa

Na minha lista:
Detalhes bibliográficos
Autor Corporativo: Guatemala. Consejo Nacional de Planificación Económica. Unidad de Investigación, Ciencia Tecnología
Formato: Texto
Publicado em: Guatemala :
Assuntos:
Tags: Adicionar Tag
Sem tags, seja o primeiro a adicionar uma tag!

MARC

LEADER 00000 a a2200000 04500
001 19855
003
040 |a CRAI/IIS  |c CRAI/IIS 
090 |a 080400  
110 |a Guatemala. Consejo Nacional de Planificación Económica. Unidad de Investigación, Ciencia Tecnología  
245 |a La legislación de compras y contrataciones del estado y su rol en el desarrollo tecnológico: documento preliminar  
260 |a Guatemala :  
300 |a 96 p.  
520 |a Análisis de la legislación de compras y contrataciones del Estado, y propuesta para una nueva legislación en Guatemala. Revisa los gastos de tecnología del Estado en los sectores centralizado y descentralizado, y propone una nueva legislación que contemple la orientación de las compras estatales vinculadas a los programas nacionales, incentive la producción local de bienes y servicios y favorezca el desarrollo de tecnología autónoma./ACM  
650 |a GUATEMALA  
650 |a LEGISLACION  
650 |a ESTADO  
650 |a TECNOLOGIA  
650 |a GASTOS DE TECNOLOGIA  
999 |c 3008  |d 3008